000 00476nam a22001457a 4500
005 20250328125742.0
008 171109b xxu||||| |||| 00| 0 eng d
022 _a0116-3507
082 _2Oct. - December. 2004 v. 96 n. 43-51
_aDPer 959.9005
_bP538
245 _aPhilippine free press.
260 _aMakati City :
_b[Philippine Free Press],
_cc2004.
300 _a1(various paging):
_billustrations;
_c33 cm.
650 0 _aPhilippines -- Periodicals.
_937171
942 _2ddc
_cPER
999 _c13286
_d13286